[Event "Catalunya-chT Final"]
[Site "Barcelona"]
[Date "2022.03.26"]
[Round "1.4"]
[White "Alvarez Albiol, Victor"]
[Black "Rizouk, Aimen"]
[Result "0-1"]
[WhiteElo "2330"]
[BlackElo "2436"]
[PlyCount "106"]
[EventDate "2022.03.26"]
[EventType "team-k.o."]
[EventRounds "2"]
[EventCountry "ESP"]
[SourceTitle "CBM 208 Extra"]
[Source "ChessBase"]
[SourceDate "2022.07.31"]
[SourceVersion "1"]
[SourceVersionDate "2022.07.31"]
[SourceQuality "1"]
[WhiteTeam "Foment Martinenc"]
[BlackTeam "Barbera"]
[WhiteTeamCountry "ESP"]
[BlackTeamCountry "ESP"]

1. e4 e5 2. Nf3 Nc6 3. g3 Nf6 4. d3 d5 5. exd5 Nxd5 6. Bg2 Be7 7. 0-0 0-0 8. Re1 Bf6 9. Nc3 Nb6 10. a4 a5 11. h3 Re8 12. Ne4 Be7 13. g4 Nd5 14. Nc3 Ndb4 15. Nb5 Bf6 16. g5 Be7 17. Nxe5 Nxe5 18. Rxe5 c6 19. Nc3 Be6 20. h4 Qd7 21. Re1 Bg4 22. Qd2 Bh3 23. Ne4 Qg4 24. Ng3 Bc5 25. Rxe8+ Rxe8 26. Kh2 Bxg2 27. Kxg2 Bd6 28. f4 Nd5 29. Qf2 Bxf4 30. Qf3 Qxh4 31. Ne4 Qh2+ 32. Kf1 Qxc2 33. Bxf4 Nxf4 34. Re1 Ne6 35. Qg3 Rd8 36. Re3 Qc1+ 37. Kg2 Qxb2+ 38. Kh3 Qd4 39. Nf6+ gxf6 40. Rxe6 f5 41. Re7 Qg4+ 42. Qxg4 fxg4+ 43. Kxg4 Rxd3 44. Rxb7 Rd4+ 45. Kf5 Rxa4 46. Rc7 Rc4 47. Ra7 Kg7 48. Rxa5 Rd4 49. Ra6 Rd6 50. Ra7 Rd5+ 51. Kf4 Kg6 52. Rc7 Rf5+ 53. Ke4 c5 0-1

[Event "Catalunya-chT Gp2"]
[Site "Barcelona"]
[Date "2022.01.29"]
[Round "2.2"]
[White "Oratovsky, Michael"]
[Black "Rizouk, Aimen"]
[Result "1/2-1/2"]
[WhiteElo "2412"]
[BlackElo "2436"]
[PlyCount "53"]
[EventDate "2022.01.22"]
[EventType "team-tourn"]
[EventRounds "9"]
[EventCountry "ESP"]
[SourceTitle "CBM 206 Extra"]
[Source "ChessBase"]
[SourceDate "2022.03.31"]
[SourceVersion "1"]
[SourceVersionDate "2022.03.31"]
[SourceQuality "1"]
[WhiteTeam "Salauris"]
[BlackTeam "Barbera"]
[WhiteTeamCountry "ESP"]
[BlackTeamCountry "ESP"]

1. e4 e5 2. Bc4 Nc6 3. Nf3 Bc5 4. c3 Nf6 5. d3 0-0 6. Nbd2 d5 7. exd5 Nxd5 8. Ne4 Be7 9. a4 a5 10. 0-0 Nb6 11. Bb3 Bf5 12. Be3 Qd7 13. Bxb6 cxb6 14. Bc4 Rad8 15. Qb3 Qc7 16. Rfe1 Bg6 17. Rad1 h6 18. Ng3 Kh8 19. Bd5 Bd6 20. Be4 f5 21. Nh4 Bf7 22. Bd5 Be7 23. Bxf7 Bxh4 24. Bd5 Ne7 25. Bf3 g6 26. Nf1 Bf6 27. Ne3 1/2-1/2

[Event "Catalunya-chT Gp2"]
[Site "Barcelona"]
[Date "2019.03.02"]
[Round "7.3"]
[White "Peralta, Fernando"]
[Black "Rizouk, Aimen"]
[Result "1-0"]
[WhiteElo "2580"]
[BlackElo "2441"]
[PlyCount "91"]
[EventDate "2019.01.19"]
[EventType "team-tourn"]
[EventRounds "7"]
[EventCountry "ESP"]
[SourceTitle "CBM 189 Extra"]
[Source "ChessBase"]
[SourceDate "2019.06.03"]
[SourceVersion "1"]
[SourceVersionDate "2019.06.03"]
[SourceQuality "1"]
[WhiteTeam "Barcelona Escola Escacs"]
[BlackTeam "Barbera"]
[WhiteTeamCountry "ESP"]
[BlackTeamCountry "ESP"]

1. d4 Nf6 2. c4 e6 3. Nf3 b6 4. a3 Bb7 5. Nc3 d5 6. Qc2 Be7 7. cxd5 Nxd5 8. Bd2 c5 9. dxc5 Bxc5 10. e4 Nxc3 11. Bxc3 0-0 12. Rd1 Qc7 13. b4 Be7 14. Qb2 Qf4 15. Bxg7 Qxe4+ 16. Be2 Rc8 17. Bc3 Bd5 18. 0-0 Nc6 19. Rfe1 Qf5 20. Bd3 Qh5 21. Be4 Rd8 22. Rc1 Rac8 23. h3 b5 24. Bxd5 Qxd5 25. Bh8 e5 26. Nxe5 Nxe5 27. Rxc8 Rxc8 28. Bxe5 Bf8 29. f4 Re8 30. Qf2 Re6 31. Qxa7 f6 32. Bc3 Rc6 33. Qe3 Qb3 34. Bd4 Qxe3+ 35. Rxe3 Rc1+ 36. Kf2 Kf7 37. Rc3 Rxc3 38. Bxc3 f5 39. g4 Ke6 40. g5 Kd5 41. Ke3 Kc4 42. Bf6 Kd5 43. h4 Bd6 44. h5 Ke6 45. h6 Kf7 46. Be5 1-0

[Event "Catalunya-chT Gp2"]
[Site "Barcelona"]
[Date "2019.02.16"]
[Round "5.3"]
[White "Rizouk, Aimen"]
[Black "Fluvia Poyatos, Jordi"]
[Result "1/2-1/2"]
[WhiteElo "2441"]
[BlackElo "2463"]
[PlyCount "98"]
[EventDate "2019.01.19"]
[EventType "team-tourn"]
[EventRounds "7"]
[EventCountry "ESP"]
[SourceTitle "CBM 189 Extra"]
[Source "ChessBase"]
[SourceDate "2019.06.03"]
[SourceVersion "1"]
[SourceVersionDate "2019.06.03"]
[SourceQuality "1"]
[WhiteTeam "Barbera"]
[BlackTeam "Andorra"]
[WhiteTeamCountry "ESP"]
[BlackTeamCountry "AND"]

1. e4 d6 2. d4 g6 3. Nc3 Bg7 4. Be3 a6 5. Nf3 b5 6. Bd3 Bb7 7. Qd2 Nf6 8. Bh6 Bxh6 9. Qxh6 b4 10. Ne2 Bxe4 11. Bxe4 Nxe4 12. Qg7 Rf8 13. Qxh7 e6 14. Qh6 Nd7 15. Qe3 d5 16. Nf4 c5 17. dxc5 Ndxc5 18. Nd3 Qd6 19. 0-0 Rh8 20. Rfe1 Ke7 21. Rad1 Rac8 22. Nxb4 a5 23. Nd3 g5 24. g3 f6 25. Nd2 Nxd2 26. Nxc5 Rxc5 27. Rxd2 Rhc8 28. Qd3 e5 29. Qh7+ Ke6 30. c3 Qe7 31. Qg6 Kd6 32. Red1 Qe6 33. Qd3 Ke7 34. Qh7+ Kd6 35. Qb7 R8c7 36. Qa8 Rc8 37. Qb7 R8c7 38. Qa8 Rc8 39. Rxd5+ Rxd5 40. Rxd5+ Qxd5 41. Qxc8 Qd1+ 42. Kg2 Qd5+ 43. f3 Ke7 44. Qc7+ Ke6 45. c4 Qd2+ 46. Kh3 g4+ 47. Kxg4 f5+ 48. Kh3 Qh6+ 49. Kg2 Qd2+ 1/2-1/2

[Event "Olympiad-43"]
[Site "Batumi"]
[Date "2018.10.05"]
[Round "11.2"]
[White "Rizouk, Aimen"]
[Black "Cuhendi, Sean Winshand"]
[Result "1/2-1/2"]
[WhiteElo "2445"]
[BlackElo "2441"]
[PlyCount "57"]
[EventDate "2018.09.24"]
[EventType "team-swiss"]
[EventRounds "11"]
[EventCountry "GEO"]
[SourceTitle "CBM 187"]
[Source "ChessBase"]
[SourceDate "2018.12.11"]
[SourceVersion "1"]
[SourceVersionDate "2018.12.11"]
[SourceQuality "1"]
[WhiteTeam "Algeria"]
[BlackTeam "Indonesia"]
[WhiteTeamCountry "ALG"]
[BlackTeamCountry "INA"]

1. e4 e5 2. Nf3 Nc6 3. Nc3 Nf6 4. Bb5 Nd4 5. Nxd4 exd4 6. e5 dxc3 7. exf6 Qxf6 8. dxc3 Qe5+ 9. Qe2 Qxe2+ 10. Bxe2 Bc5 11. 0-0 0-0 12. Bd3 d6 13. Re1 Be6 14. Be3 Rfe8 15. Bxc5 dxc5 16. Rad1 Rad8 17. f4 Kf8 18. Kf2 Bg4 19. Rxe8+ Rxe8 20. Re1 Rxe1 21. Kxe1 Ke7 22. Kd2 h6 23. Ke3 Be6 24. c4 f5 25. Kf2 Kf6 26. Ke3 Ke7 27. Kf2 Kf6 28. Ke3 Ke7 29. Kf2 1/2-1/2

[Event "Catalunya-chT GpA final"]
[Site "Barcelona"]
[Date "2018.03.17"]
[Round "2.2"]
[White "Cruz Estrada, Filemon"]
[Black "Rizouk, Aimen"]
[Result "1/2-1/2"]
[WhiteElo "2306"]
[BlackElo "2436"]
[PlyCount "75"]
[EventDate "2018.03.10"]
[EventType "team-tourn"]
[EventRounds "4"]
[EventCountry "ESP"]
[SourceTitle "CBM 183 Extra"]
[Source "ChessBase"]
[SourceDate "2018.04.19"]
[SourceVersion "1"]
[SourceVersionDate "2018.04.19"]
[SourceQuality "1"]
[WhiteTeam "Tres Peons"]
[BlackTeam "Barbera"]
[WhiteTeamCountry "ESP"]
[BlackTeamCountry "ESP"]

1. c4 e6 2. Nc3 Nf6 3. Nf3 d5 4. d4 Bb4 5. e3 0-0 6. Bd3 c5 7. 0-0 cxd4 8. exd4 dxc4 9. Bxc4 b6 10. Bg5 Bb7 11. Qe2 Nbd7 12. Ne5 Bxc3 13. bxc3 Qc7 14. Nxd7 Nxd7 15. Rac1 Rfe8 16. f4 Rac8 17. Bd3 Qd6 18. Bh4 f5 19. Rf2 Qd5 20. Bb5 a6 21. c4 Qd6 22. c5 bxc5 23. dxc5 Qc7 24. Bxa6 Bxa6 25. Qxa6 Nxc5 26. Qa3 Qb6 27. Qe3 Na4 28. Re1 Qxe3 29. Rxe3 Nc3 30. Rc2 Ne4 31. Ree2 h6 32. Be1 g5 33. fxg5 hxg5 34. a4 Red8 35. Kf1 Kf7 36. a5 Kf6 37. Rxc8 Rxc8 38. Rb2 1/2-1/2

[Event "Catalunya-chT GpA final"]
[Site "Barcelona"]
[Date "2018.03.10"]
[Round "1.2"]
[White "Rizouk, Aimen"]
[Black "Touzane, Olivier"]
[Result "1-0"]
[WhiteElo "2436"]
[BlackElo "2301"]
[PlyCount "63"]
[EventDate "2018.03.10"]
[EventType "team-tourn"]
[EventRounds "4"]
[EventCountry "ESP"]
[SourceTitle "CBM 183 Extra"]
[Source "ChessBase"]
[SourceDate "2018.04.19"]
[SourceVersion "1"]
[SourceVersionDate "2018.04.19"]
[SourceQuality "1"]
[WhiteTeam "Barbera"]
[BlackTeam "Figueres"]
[WhiteTeamCountry "ESP"]
[BlackTeamCountry "ESP"]

1. e4 Nc6 2. Nf3 d6 3. d4 Nf6 4. Nc3 Bg4 5. Be3 g6 6. Be2 Bg7 7. Qd2 0-0 8. 0-0 a6 9. Rad1 b5 10. e5 Ne8 11. h3 Bc8 12. Bf4 dxe5 13. Nxe5 Bb7 14. Nxc6 Bxc6 15. d5 Bd7 16. Bh6 Bxh6 17. Qxh6 Nd6 18. Bf3 f5 19. Rfe1 Rf7 20. Ne2 Qf8 21. Qd2 Nc4 22. Qc3 Rc8 23. Nd4 g5 24. Ne6 Qh6 25. Nc5 Qd6 26. Ne6 h6 27. b3 Qa3 28. Bh5 Rf6 29. Qd4 c5 30. Qa1 Nd6 31. Nxg5 hxg5 32. Rxe7 1-0

[Event "Catalunya-chT Gp2"]
[Site "Barcelona"]
[Date "2018.02.10"]
[Round "4.2"]
[White "Rizouk, Aimen"]
[Black "Gallego Alcaraz, Andres Felipe"]
[Result "1-0"]
[WhiteElo "2436"]
[BlackElo "2461"]
[PlyCount "84"]
[EventDate "2018.01.20"]
[EventType "team-tourn"]
[EventRounds "7"]
[EventCountry "ESP"]
[SourceTitle "CBM 182 Extra"]
[Source "ChessBase"]
[SourceDate "2018.02.23"]
[SourceVersion "1"]
[SourceVersionDate "2018.02.23"]
[SourceQuality "1"]
[WhiteTeam "Barbera"]
[BlackTeam "Sant Josep de Badalona"]
[WhiteTeamCountry "ESP"]
[BlackTeamCountry "ESP"]

1. e4 e6 2. d4 d5 3. Nd2 Nf6 4. Bd3 c5 5. e5 Nfd7 6. c3 Nc6 7. Ngf3 g6 8. h4 h6 9. 0-0 g5 10. hxg5 hxg5 11. g4 Be7 12. Re1 Qb6 13. Qa4 Nf8 14. Nf1 cxd4 15. Nxd4 Bd7 16. Qd1 Nxd4 17. Be3 Qxb2 18. cxd4 Qa3 19. Ng3 Bc6 20. Nh5 Ng6 21. Qe2 Nh4 22. Rab1 Qa5 23. Rec1 a6 24. Kf1 Rc8 25. Rb3 Kd7 26. Qb2 b5 27. Nf6+ Bxf6 28. exf6 Bb7 29. Rd1 Nf3 30. Ke2 Rh3 31. a4 Bc6 32. Qa3 Qd8 33. axb5 axb5 34. Bxb5 Bxb5+ 35. Rxb5 Qxf6 36. Rb7+ Ke8 37. Rc1 Rxc1 38. Qa8+ Qd8 39. Rb8 Re1+ 40. Kd3 Qxb8 41. Qxb8+ Ke7 42. Qb4+ Ke8 1-0

[Event "Barcelona Sants op 19th"]
[Site "Barcelona"]
[Date "2017.08.22"]
[Round "5"]
[White "Rizouk, Aimen"]
[Black "Domingo Nunez, Alejandro"]
[Result "1-0"]
[WhiteElo "2433"]
[BlackElo "2287"]
[PlyCount "131"]
[EventDate "2017.08.18"]
[EventType "swiss"]
[EventRounds "10"]
[EventCountry "ESP"]
[SourceTitle "CBM 180 Extra"]
[Source "ChessBase"]
[SourceDate "2017.10.06"]
[SourceVersion "1"]
[SourceVersionDate "2017.10.06"]
[SourceQuality "1"]

1. e4 c5 2. Nf3 e6 3. d4 cxd4 4. Nxd4 Nc6 5. Nc3 Qc7 6. Be2 a6 7. Be3 Nf6 8. 0-0 Be7 9. f4 d6 10. Kh1 0-0 11. a4 Bd7 12. Nb3 b6 13. g4 Bc8 14. g5 Nd7 15. Bf3 Rb8 16. Bg2 Re8 17. Qh5 Bf8 18. Rf3 g6 19. Qh4 Bg7 20. f5 b5 21. axb5 axb5 22. f6 Bf8 23. Rh3 h6 24. Ne2 Nde5 25. gxh6 Kh7 26. Rg3 Nc4 27. Nf4 Nxe3 28. Rxe3 Ne5 29. Rc3 Qb6 30. Nh3 Rb7 31. Ng5+ Kh8 32. Nd2 b4 33. Nc4 bxc3 34. Nxb6 cxb2 35. Rb1 Rxb6 36. Qf2 Rb7 37. Qd4 Bd7 38. Rxb2 Rc7 39. h4 Rec8 40. h5 gxh5 41. Qd1 h4 42. Qh5 Be8 43. Nf3 Nd7 44. Qxh4 Rxc2 45. Rxc2 Rxc2 46. Ng5 Rc5 47. Qh5 Nxf6 48. Nxf7+ Bxf7 49. Qxf7 Nh7 50. Qxe6 Rh5+ 51. Kg1 Rxh6 52. Qc8 Rf6 53. Bh3 Ng5 54. Bf5 Kg7 55. Kg2 Nf7 56. Qc3 Ne5 57. Qg3+ Kf7 58. Kf2 Bh6 59. Ke2 Bg7 60. Qb3+ Kf8 61. Qb8+ Kf7 62. Qc7+ Kg8 63. Qd8+ Kf7 64. Bh7 Bf8 65. Bg8+ Kg7 66. Bd5 1-0

[Event "Chefchaouen op 16th"]
[Site "Chefchaouen"]
[Date "2017.07.24"]
[Round "1"]
[White "Rizouk, Aimen"]
[Black "Berkaoui, Abderrahim"]
[Result "1-0"]
[WhiteElo "2472"]
[BlackElo "1930"]
[PlyCount "56"]
[EventDate "2017.07.24"]
[EventType "swiss"]
[EventRounds "9"]
[EventCountry "MAR"]
[SourceTitle "EXT 2020"]
[Source "ChessBase"]
[SourceDate "2019.10.17"]
[SourceVersion "1"]
[SourceVersionDate "2019.10.17"]
[SourceQuality "1"]

1. e4 e5 2. Nf3 Nc6 3. Bc4 Bc5 4. c3 Nf6 5. d3 d6 6. Bb3 Bb6 7. Nbd2 Bg4 8. h3 Bd7 9. Nc4 Qe7 10. a4 Na5 11. Nxb6 axb6 12. Bc2 c5 13. 0-0 h6 14. d4 Nc6 15. Re1 0-0 16. dxe5 dxe5 17. Be3 Be6 18. Qe2 Rfd8 19. Red1 Rd7 20. Qb5 Rxd1+ 21. Rxd1 Nd7 22. Nd2 Nd4 23. cxd4 cxd4 24. Bxd4 exd4 25. Nf3 Ra5 26. Qe2 Qb4 27. Nxd4 Bc4 28. Qg4 Ne5 1-0

[Event "Barcelona Sant Marti op-A 19th"]
[Site "Barcelona"]
[Date "2017.07.19"]
[Round "7"]
[White "Rizouk, Aimen"]
[Black "Gonzalez Rodriguez, Jorge Armando"]
[Result "1-0"]
[WhiteElo "2472"]
[BlackElo "2274"]
[PlyCount "57"]
[EventDate "2017.07.13"]
[EventType "swiss"]
[EventRounds "9"]
[EventCountry "ESP"]
[SourceTitle "EXT 2018"]
[Source "ChessBase"]
[SourceDate "2017.10.13"]
[SourceVersion "1"]
[SourceVersionDate "2017.10.13"]
[SourceQuality "1"]

1. e4 e6 2. d4 d5 3. Nd2 c5 4. Ngf3 cxd4 5. Nxd4 Nc6 6. Bb5 Bd7 7. Nxc6 Bxc6 8. Bxc6+ bxc6 9. c4 Nf6 10. Qa4 Qd7 11. e5 Ng8 12. 0-0 c5 13. Qc2 d4 14. Ne4 f5 15. exf6 gxf6 16. Re1 Kf7 17. Qd1 h5 18. a4 Rc8 19. Ra3 Ne7 20. Rh3 Ng6 21. Qf3 Bg7 22. Ng5+ Kg8 23. Nxe6 Re8 24. Qd5 Qxd5 25. cxd5 Kf7 26. Kf1 Ne7 27. Rg3 Bf8 28. d6 Nc6 29. Ng5+ 1-0

[Event "Barcelona Sant Marti op-A 19th"]
[Site "Barcelona"]
[Date "2017.07.16"]
[Round "4"]
[White "Rizouk, Aimen"]
[Black "Anuj, Shrivatri"]
[Result "1-0"]
[WhiteElo "2472"]
[BlackElo "1920"]
[PlyCount "83"]
[EventDate "2017.07.13"]
[EventType "swiss"]
[EventRounds "9"]
[EventCountry "ESP"]
[SourceTitle "EXT 2018"]
[Source "ChessBase"]
[SourceDate "2017.10.13"]
[SourceVersion "1"]
[SourceVersionDate "2017.10.13"]
[SourceQuality "1"]

1. e4 e6 2. d4 d5 3. Nd2 a6 4. Ngf3 c5 5. dxc5 Bxc5 6. exd5 exd5 7. Nb3 Bb6 8. Bg5 Ne7 9. Bd3 Nbc6 10. 0-0 0-0 11. Re1 f6 12. Be3 Bg4 13. Bxb6 Qxb6 14. Be2 Bh5 15. Qd2 Rfd8 16. Rad1 Bf7 17. Nfd4 Ne5 18. c3 N7c6 19. Bf1 Nc4 20. Qc1 Re8 21. Nf5 N6e5 22. Ne3 Rad8 23. Rd4 a5 24. Nxc4 Nxc4 25. Rdd1 Rxe1 26. Rxe1 Nxb2 27. Qxb2 a4 28. Re7 axb3 29. Qxb3 Qxb3 30. axb3 Rc8 31. Rxb7 Kf8 32. b4 Rxc3 33. f3 Rc2 34. b5 Rb2 35. Bd3 Bg6 36. Bxg6 hxg6 37. Kf1 g5 38. h3 d4 39. b6 d3 40. Ke1 Rxg2 41. Rc7 Rb2 42. b7 1-0

[Event "Montcada op-A 25th"]
[Site "Montcada"]
[Date "2017.07.03"]
[Round "9"]
[White "Rizouk, Aimen"]
[Black "Deshmukh, Anup"]
[Result "0-1"]
[WhiteElo "2472"]
[BlackElo "2241"]
[PlyCount "24"]
[EventDate "2017.06.26"]
[EventType "swiss"]
[EventRounds "9"]
[EventCountry "ESP"]
[SourceTitle "EXT 2018"]
[Source "ChessBase"]
[SourceDate "2017.10.13"]
[SourceVersion "1"]
[SourceVersionDate "2017.10.13"]
[SourceQuality "1"]

1. e4 e5 2. Nf3 Nc6 3. Nc3 Bb4 4. Nd5 Bc5 5. Nxe5 Nf6 6. Nf3 Nxe4 7. d4 Be7 8. Qe2 f5 9. Bf4 d6 10. 0-0-0 0-0 11. h4 Be6 12. Nxe7+ Nxe7 0-1

[Event "Montcada op-A 25th"]
[Site "Montcada"]
[Date "2017.06.30"]
[Round "5"]
[White "Rizouk, Aimen"]
[Black "Yurtseven, Melih"]
[Result "1/2-1/2"]
[WhiteElo "2472"]
[BlackElo "2337"]
[PlyCount "40"]
[EventDate "2017.06.26"]
[EventType "swiss"]
[EventRounds "9"]
[EventCountry "ESP"]
[SourceTitle "CBM 179 Extra"]
[Source "ChessBase"]
[SourceDate "2017.08.23"]
[SourceVersion "1"]
[SourceVersionDate "2017.08.23"]
[SourceQuality "1"]

1. e4 e6 2. d4 d5 3. Nd2 Nc6 4. Ngf3 Nf6 5. e5 Nd7 6. Be2 f6 7. exf6 Qxf6 8. Nf1 Bd6 9. Ne3 0-0 10. 0-0 Qg6 11. g3 Nf6 12. Nh4 Qe8 13. f4 Ne7 14. Bd3 c5 15. c3 cxd4 16. cxd4 Bd7 17. Re1 Qd8 18. Bd2 Kh8 19. Rc1 b5 20. Nf3 Qb6 1/2-1/2